000 00692nam a2200289Ia 4500
005 20260324143533.0
008 008 260324s9999 xx 000 0 eng d
020 _a9780203710166
037 _aEBOOK
040 _aCRL
040 _beng
040 _cCRL
041 _2eng
041 _aeng
084 _qCRL
100 _aIgor B. Afanas'ev
_91176563
245 0 _aSuperoxide Ion: Volume II (1991)
245 0 _bChemistry and Biological Implications
260 _bTaylor and Francis
260 _c1991
365 _a
365 _b240
856 _uhttp://www.taylorfrancis.com/books/9780203710166
942 _cEBOOK
999 _c1821519
_d1821519